LEADER 03066nam0 2200697 450 001 000012477 005 20081022082709.0 100 $a20080609d1978----km-y0itay50------ba 101 0 $aita 102 $aIT 105 $ay-------001yy 200 1 $aOccupazione e capacitą produttive$econfronti internazionali$ericerche di economia applicata del gruppo di Ancona$f[a cura di Pietro Alessandrini] 210 $aBologna$cIl Mulino$d1978 215 $a6 v.$d22 cm 225 2 $aStudi e ricerche$v8 327 1 $a1.: Lavoro regolare e lavoro nero / saggi di M. Ioly, G. Canullo, M. G. Montanari$a2.: Struttura della forza lavoro e sviluppo economico / saggi di Lorenzo Robotti e Giorgio Galeazzi$a3.: Conflittualitą e aspetti normativi del lavoro / saggi di M. Benetti ... [et al.]$a4.: Costo del lavoro e occupazione / saggi di R. Schiattarella e G. Canullo$a5.: Retribuzioni, produttivitą e prezzi / saggi di R. Mazzoni ... [et al.]$a6.: Specializzazione e competitivitą internazionale dell'Italia / saggi di Giuliano Conti ... [et al.] 410 0$12001$aStudi e ricerche$v78 500 10$aOccupazione e capacitą produttive$957688 517 1 $aRicerche di economia applicata del Gruppo di Ancona su "Occupazione e capacita produttive: confronti internazionali". 610 1 $aLavoro 610 1 $aLavoro nero 610 1 $aProduttivitą 610 1 $aOrario di lavoro$aNorme contrattuali$aAnalisi comparata$aSciopero$aStatistiche nazionali e internazionali$aMetodi di rilevamento 610 1 $aAziende$aPersonale$aVincoli 610 1 $aLicenziamento collettivo$aLegislazione$aAnalisi comparata Licenziamento individuale$aLegislazione$aAnalisi comparata 610 1 $aMercato del lavoro 676 $a331$v18$9Economia del lavoro 676 $a331$v19$9Economia del lavoro 676 $a331.1$v19$9Forza lavoro e mercato del lavoro 676 $a331.1$v21$9Forze di lavoro e mercato del lavoro 676 $a331.2$v19$9Salari ed altre condizioni di occupazione 702 1$aAlessandrini,$bPietro 702 1$aJoly,$bMirella 702 1$aMontanari,$bMaria Grazia 702 1$aRobotti,$bLorenzo 702 1$aGaleazzi,$bGiorgio 702 1$aBenetti,$bMaurizio 702 1$aCanullo,$bGiuseppe 702 1$aSchiattarella,$bRoberto 702 1$aConti,$bGiuliano 702 1$aMazzoni,$bRiccardo 801 0$aIT$bUNIPARTHENOPE$c20080609$gRICA$2UNIMARC 912 $a000012477 951 $a824/29$b5677$cNAVA2 951 $a126/23$b5563$cNAVA2 951 $a821/16$b5602$cNAVA2 951 $a821/22$b416$cNAVA2 951 $a126/23$b5298$cNAVA2 951 $a126/23$b5487$cNAVA2 951 $a822/1$b5603$cNAVA2 951 $a821/14$b5380$cNAVA2 951 $a126/24$b5476$cNAVA2 951 $a824/26$b5605$cNAVA2 951 $a821/14$b5468$cNAVA2 951 $a126/24$b5299$cNAVA2 951 $a126/24$b5564$cNAVA2 951 $a824/27$b5615$cNAVA2 951 $a126/24$b5488$cNAVA2 951 $a126/27$b5606$cNAVA2 996 $aOccupazione e capacitą produttive$957688 997 $aUNIPARTHENOPE LEADER 01546nam0 2200361 i 450 001 SBL0313450 005 20231121125820.0 020 $aIT$b8110076 100 $a20220709d1979 ||||0itac50 ba 101 | $aita 102 $ait 181 1$6z01$ai $bxxxe 182 1$6z01$an 200 1 $a˜Il œPortogallo dalla prima alla seconda Repubblica$e1910-1975$fPaolo Giannotti, Stefano Pivato 210 $aUrbino$cArgalia$d1979 215 $a201 p.$d22 cm. 225 | $aCollana storica 410 0$1001CFI0313233$12001 $aCollana storica$171201$aUniversitą degli studi$c $b : Istituto di storia$3CFIV033005 606 $aPortogallo$xStoria$xSec. 20.$xBibliografia$2FIR$3LO1C535264$9I 606 $aPortogallo$xVita politica$x1910-1975$2FIR$3LO1C535267$9I 676 $a946.904$9Storia del Portogallo. 1910-$v20 676 $a946.904$9Storia del Portogallo. 1910-$v22 700 1$aGiannotti$b, Paolo$3CFIV018860$4070$0139701 701 1$aPivato$b, Stefano$3CFIV053658$4070$0223781 801 3$aIT$bIT-01$c20220709 850 $aIT-RM0542 $aIT-FR0017 899 $aBIBLIOTECA DEL MINISTERO DEGLI AFFARI ESTERI$bRM0542 899 $aBiblioteca umanistica Giorgio Aprea$bFR0017 $eN 912 $aSBL0313450 950 0$aBiblioteca umanistica Giorgio Aprea$d 52DES 946 Gia.Por.$e 52SBA0000208595 VMB RS $fA $h20160719$i20160719 977 $a 09$a 52 996 $aPortogallo dalla prima alla seconda Repubblica$91129861 997 $aUNICAS